Separatist Movements in France - Statistics

General Stats
  • This quiz has been taken 33 times
  • The average score is 4 of 9
Answer Stats
Answer % Correct
Brittany
100%
Corsica
77%
Basque
71%
Alsace
68%
Occitania
58%
Provence
32%
Flanders
19%
Pays De La Loire
6%
Northern Catalonia
3%
No matching quizzes found
Score Distribution
Percent of People with Each Score
Percentile by Number Answered
Your Score History
You have not taken this quiz